[Event "5th Ordu Open 2019"]
[Site "Ordu"]
[Date "2019.04.30"]
[Round "2.19"]
[White "Hajiyev, Shahin"]
[Black "Unat, Can Haktan"]
[Result "1/2-1/2"]
[WhiteElo "1972"]
[BlackElo "2110"]
[Annotator "NA"]
[PlyCount "58"]
[EventDate "2019.04.29"]
[EventType "swiss"]
[EventCountry "TUR"]
[SourceTitle "playchess.com"]
[Source "ChessBase"]
[SourceQuality "1"]
[TimeControl "5400+30"]

1. d4 {[%emt 0:00:30]} Nf6 {[%emt 0:00:30]} 2. c4 {[%emt 0:00:30]} g6 {[%emt 0:00:00]} 3. Nc3 {[%emt 0:00:00]} d5 {[%emt 0:00:00]} 4. cxd5 {[%emt 0:00:00]} Nxd5 {[%emt 0:00:30]} 5. e4 {[%emt 0:00:30]} Nxc3 {[%emt 0:00:30]} 6. bxc3 {[%emt 0:00:30]} Bg7 {[%emt 0:00:30]} 7. Bc4 {[%emt 0:00:30]} O-O {[%emt 0:00:30]} 8. Ne2 {[%emt 0:00:30]} Nc6 {[%emt 0:00:00]} 9. O-O {[%emt 0:00:00]} b6 {[%emt 0:00:00]} 10. Bg5 {[%emt 0:00:00]} Bb7 {[%emt 0:00:30]} 11. Qd2 {[%emt 0:00:30] D86: Exchange Grünfeld: Classical Line (7 Bc4)} Qd6 {[%emt 0:00:30]} 12. Bh6 {[%emt 0:02:30]} (12. Rad1 e5 13. Ba6 Na5 14. Bxb7 Nxb7 15. Bh6 Rfe8 16. Bxg7 Kxg7 17. Ng3 Rad8 18. f4 exd4 19. cxd4 {1-0 (38) Ivanchuk,V (2714)-Svidler,P (2713) Wijk aan Zee 1999}) 12... e5 {[%emt 0:02:30]} 13. Bxg7 {[%emt 0:02:30]} Kxg7 {[%emt 0:02:30]} 14. Bd5 $146 {[%emt 0:02:30]} ({Predecessor:} 14. f4 exd4 15. cxd4 Na5 16. Bd3 f5 17. d5 fxe4 18. Bxe4 Rae8 19. Bf3 c5 {0-1 (36) Celestino,G (2206)-Ripari,M (2324) Mar del Plata 2006}) 14... Na5 {[%emt 0:05:30]} 15. Bxb7 {[%emt 0:00:30]} Nxb7 {[%emt 0:00:00]} 16. f4 {[%emt 0:02:30]} exd4 {[%emt 0:14:00]} 17. cxd4 {[%emt 0:02:30]} f6 {[%emt 0:01:30]} 18. Qc3 {[%emt 0:07:30]} c5 {[%emt 0:13:30]} 19. Rad1 {[%emt 0:04:30]} Rad8 {[%emt 0:05:30]} (19... Rae8 $11) 20. d5 {[%emt 0:12:30]} Rfe8 $16 {[%emt 0:00:30]} 21. Ng3 {[%emt 0:03:30]} b5 {[%emt 0:04:30]} 22. h4 {[%emt 0:05:30]} c4 {[%emt 0:02:30]} 23. Qf3 {[%emt 0:02:30]} Nc5 {[%emt 0:07:30]} 24. h5 {[%emt 0:04:30]} Nd3 {[%emt 0:07:30]} 25. Qg4 {[%emt 0:10:30]} Qc5+ {[%emt 0:03:30]} 26. Kh2 {[%emt 0:01:30]} Qc8 {[%emt 0:09:56]} 27. Nf5+ {[%emt 0:03:30]} Kf7 {[%emt 0:00:39]} 28. hxg6+ {[%emt 0:01:30]} hxg6 {[%emt 0:00:07]} 29. Nh6+ {[%emt 0:00:30]} Kg7 {[%emt 0:00:53]} 1/2-1/2

[Event "5th Ordu Open 2019"]
[Site "Ordu"]
[Date "2019.04.30"]
[Round "3.1"]
[White "Tanriverdi, Enes"]
[Black "Barski, Radoslaw"]
[Result "1/2-1/2"]
[WhiteElo "2348"]
[BlackElo "2471"]
[Annotator "TA"]
[PlyCount "129"]
[EventDate "2019.04.29"]
[EventType "swiss"]
[EventCountry "TUR"]
[SourceTitle "playchess.com"]
[Source "ChessBase"]
[SourceQuality "1"]

{[%evp 9,129,0,0,0,14,0,0,0,15,15,14,10,17,0,19,0,8,5,5,2,34,37,36,38,39,16,39,22,17,18,22,0,37,-34,76,73,117,114,110,112,93,93,106,104,104,108,101,77,111,104,127,118,96,52,51,23,34,19,46,47,52,72,70,8,147,136,323,323,402,108,105,89,114,114,107,74,214,75,437,437,450,450,450,450,593,593,588,564,593,593,593,593,593,593,593,593,593,593,593,593,1221,1168,1608,1600,1402,1249,1075,660,713,381,708,377,691,381,549,0,599,0,416,0,409,404]} 1. d4 Nf6 2. c4 e6 3. Nf3 d5 4. Nc3 Nbd7 5. e3 a6 6. b3 {D37: Queen's Gambit Declined: 5 Bf4} b6 7. cxd5 exd5 8. g3 {The position is equal.} Bd6 9. Bg2 Bb7 10. O-O O-O 11. Bb2 Re8 12. Rc1 Qe7 $146 ({Predecessor:} 12... Rc8 13. Rc2 Nf8 {1-0 (55) Vaganian,R (2639)-Buhmann,R (2532) Germany 2004}) 13. Qc2 Rac8 14. Rfd1 c5 15. dxc5 bxc5 16. Nh4 {[%cal Rc3d5]} Qe6 17. Ne2 Be5 18. Nf4 Bxf4 $1 19. exf4 a5 20. Nf5 Ba8 21. Qb1 (21. Bh3 $14 Kf8 22. f3) 21... d4 (21... g6 $1 $15 {stays ahead.} 22. Nh6+ Kg7) 22. Re1 $16 Be4 23. Bxe4 Nxe4 {[#]} 24. Nxd4 $1 {[%mdl 512]} Qd5 (24... cxd4 25. Rxc8) 25. Nf3 {aiming for Rcd1.} Nxg3 26. hxg3 Qxf3 27. Qf5 Qc6 28. Rcd1 Nf8 29. Qg4 {[%csl Gb2][%cal Rg4g7]} f6 30. f5 h6 31. Bc1 $40 {[%mdl 128] White attacks.} Kh8 32. Bf4 Re4 33. Kh2 Nh7 34. Rd6 Rxe1 {[%csl Gc6][%cal Re1h1]} 35. Rxc6 Rxc6 36. Be3 ({White should play} 36. Bd2 $14 Re8 37. Qa4 (37. Bxa5 Ra6 $11)) 36... Rc8 (36... Ng5 $11) 37. Qa4 Rd1 $2 {[#]} (37... Rb1 $16 38. Qxa5 Ng5) 38. b4 $1 $18 {[%mdl 512]} Rd5 (38... axb4 39. Qxd1) 39. bxa5 $2 (39. Qxa5 $18 {b5 is the strong threat.} Ng5 40. bxc5 (40. Bxc5 Nf3+ 41. Kg2 Ne1+ 42. Kf1 Nd3 $18)) 39... c4 $16 40. a6 {[%cal Ba5a6,Ba6a7][%mdl 32]} c3 41. a7 Rdd8 42. Qc2 Nf8 (42... Ng5 $16) 43. Bb6 (43. Kg2 $18 {is more deadly.}) 43... Re8 $2 {[%mdl 8192]} (43... Rd6 $16 {is tougher.} 44. Be3 Rd7 45. Qxc3 Rxc3) 44. Bd4 $18 Rc7 45. Qa4 Ra8 {Hoping for ...c2.} 46. Qa5 $1 {[%csl LRc3,LRc7][%mdl 64] Double Attack} Rc4 47. Bxc3 Nd7 48. Bd2 Rc5 49. Qb4 Rc7 50. Be3 Ne5 51. a4 Nc6 52. Qd6 Rcc8 53. Qd7 Ne5 54. Qb7 Ng4+ 55. Kh3 Nxe3 56. fxe3 {[%mdl 4096] Endgame KQ-KRR} Rf8 57. Kg4 Kh7 58. Kf4 h5 59. Kf3 Rad8 $2 (59... Kh6 60. e4 Rad8) 60. Kg2 Ra8 $2 (60... Kh6 61. e4 Rc8) 61. Kh3 Rac8 (61... Kh6 $142 62. e4 g6) 62. Kg2 Ra8 $1 63. Kf3 $2 (63. g4 $18) 63... Rac8 $2 {[%mdl 8192]} (63... Rad8 $1 $11 {and Black is okay.} 64. e4 Kh6) 64. Kf4 $2 (64. g4 $18) 64... Rc4+ $2 {[%mdl 8192]} (64... Ra8 $1 $11 {and Black stays safe.} 65. e4 Kh6) 65. e4 {[%mdl 32768] Accuracy: White = 46%, Black = 34%. . An unexpected result.} 1/2-1/2

[Event "5th Ordu Open 2019"]
[Site "Ordu"]
[Date "2019.04.30"]
[Round "3.2"]
[White "Pacher, Milan"]
[Black "Asgari, Morteza"]
[Result "1-0"]
[WhiteElo "2391"]
[BlackElo "2248"]
[Annotator "NA"]
[PlyCount "91"]
[EventDate "2019.04.29"]
[EventType "swiss"]
[EventCountry "TUR"]
[SourceTitle "playchess.com"]
[Source "ChessBase"]
[SourceQuality "1"]
[TimeControl "5400+30"]

1. d4 {[%emt 0:01:30]} Nf6 {[%emt 0:00:30]} 2. c4 {[%emt 0:00:30]} g6 {[%emt 0:00:30]} 3. Nc3 {[%emt 0:00:30]} d5 {[%emt 0:00:30]} 4. Nf3 {[%emt 0:00:30]} Bg7 {[%emt 0:00:30]} 5. Qb3 {[%emt 0:00:30]} dxc4 {[%emt 0:00:30]} 6. Qxc4 {[%emt 0:00:30]} Be6 {[%emt 0:01:30]} 7. Qb5+ {[%emt 0:05:30]} Nc6 {[%emt 0:00:30]} (7... Bd7 $5 {[%cal Rd7b5]} 8. Qxb7 Bc6 $14) 8. Qxb7 {[%emt 0:10:30]} Bd7 {[%emt 0:00:30]} 9. Qb3 {[%emt 0:00:30]} Rb8 {[%emt 0:01:30]} 10. Qd1 {[%emt 0:00:30]} Bf5 {[%emt 0:00:30]} 11. Qa4 $14 {[%emt 0:02:30]} Bd7 {[%emt 0:03:30]} 12. e3 {[%emt 0:04:30]} Nb4 {[%emt 0:05:30]} 13. Bb5 {[%emt 0:08:30]} c6 {[%emt 0:23:30]} 14. Qxb4 {[%emt 0:04:30]} cxb5 {[%emt 0:01:30]} 15. Ne5 {[%emt 0:01:30]} a5 {[%emt 0:01:30]} 16. Qb3 {[%emt 0:00:30]} Be6 {[%emt 0:01:30]} 17. Qd1 {[%emt 0:00:30]} b4 {[%emt 0:06:30]} 18. Na4 {[%emt 0:02:30]} Bd5 {[%emt 0:02:30]} 19. O-O {[%emt 0:02:30]} O-O {[%emt 0:04:30]} 20. b3 {[%emt 0:00:30]} Nd7 {[%emt 0:01:30]} 21. Nxd7 {[%emt 0:04:30]} Qxd7 {[%emt 0:00:30]} 22. Bb2 {[%emt 0:00:30]} f5 {[%emt 0:06:30]} 23. Rc1 {[%emt 0:03:30]} Bc6 {[%emt 0:08:30]} 24. Nc5 {[%emt 0:10:30]} Qd5 {[%emt 0:00:30]} 25. f3 {[%emt 0:00:30]} Bh6 {[%emt 0:00:00]} 26. Re1 {[%emt 0:00:30]} Rbc8 {[%emt 0:01:00]} 27. Rc2 {[%emt 0:02:30]} e5 {[%emt 0:03:30]} 28. e4 {[%emt 0:07:30]} fxe4 {[%emt 0:00:00]} 29. Nxe4 {[%emt 0:07:44]} exd4 {[%emt 0:03:00]} 30. Bxd4 {[%emt 0:00:43]} Rcd8 {[%emt 0:17:31]} 31. Qa1 {[%emt 0:00:40]} Qxd4+ {[%emt 0:00:47]} 32. Qxd4 {[%emt 0:00:30]} Rxd4 {[%emt 0:00:30]} 33. Rxc6 {[%emt 0:00:00]} a4 {[%emt 0:01:41]} 34. bxa4 {[%emt 0:01:00]} Ra8 {[%emt 0:00:02]} 35. Nf6+ {[%emt 0:00:35]} Kh8 {[%emt 0:00:57]} 36. a5 {[%emt 0:00:54]} Rd2 {[%emt 0:01:05]} 37. Rc7 {[%emt 0:06:43]} Bg7 {[%emt 0:00:24]} 38. Ng4 {[%emt 0:02:26]} Rxa2 {[%emt 0:00:47]} 39. Ree7 {[%emt 0:00:09]} Bd4+ {[%emt 0:02:26]} 40. Kf1 {[%emt 0:00:30]} h5 {[%emt 0:00:45]} 41. Nh6 {[%emt 0:00:27]} Ra1+ {[%emt 0:00:30]} 42. Ke2 {[%emt 0:00:30]} Bg7 {[%emt 0:00:30]} 43. Rxg7 {[%emt 0:00:30]} Re8+ {[%emt 0:00:30]} 44. Kf2 {[%emt 0:00:30]} Ra2+ {[%emt 0:00:30]} 45. Kg3 {[%emt 0:00:30]} h4+ {[%emt 0:00:30]} 46. Kh3 {[%emt 0:00:00]} 1-0

[Event "5th Ordu Open 2019"]
[Site "Ordu"]
[Date "2019.04.30"]
[Round "3.3"]
[White "Lortkipanidze, Nodar"]
[Black "Annaberdiev, Meilis"]
[Result "0-1"]
[WhiteElo "2320"]
[BlackElo "2525"]
[Annotator "TA"]
[PlyCount "86"]
[EventDate "2019.04.29"]
[EventType "swiss"]
[EventCountry "TUR"]
[SourceTitle "playchess.com"]
[Source "ChessBase"]
[SourceQuality "1"]

{[%evp 9,86,-12,72,72,70,65,67,57,64,52,63,60,54,34,74,74,76,74,72,70,88,75,78,68,89,81,88,63,88,50,37,21,40,32,102,97,103,98,87,87,93,62,58,55,44,-61,-55,-93,-82,-80,-100,-193,-172,-304,-276,-299,-293,-482,-432,-430,-407,-389,-248,-278,0,0,0,-226,-192,-243,-151,-443,-441,-612,-590,-564,-585,-558,-551]} 1. e4 c5 2. c3 Qa5 3. d4 cxd4 4. Nf3 e6 5. a3 $146 ({Predecessor:} 5. Bc4 Nc6 6. O-O d3 7. Qxd3 Qc7 8. a4 Nf6 9. Na3 a6 10. Re1 Ng4 11. Ba2 Bc5 {0-1 (24) Ramon Perez,J (2222)-Fernandez Cardoso,A (2450) Balaguer 2011}) 5... d3 (5... dxc3 $11 6. Nxc3 Nf6) 6. Bxd3 $16 {B21: Sicilian: 2 f4 and Morra Gambit} d6 7. O-O Nf6 8. Re1 {White is slightly better.} Nbd7 9. c4 Be7 10. b4 Qc7 11. Bb2 e5 12. Nc3 O-O 13. Rc1 b6 14. Nd5 Qd8 15. Nxe7+ Qxe7 16. Bb1 Bb7 17. Qd3 Rfd8 18. Nd2 Nf8 19. g3 Ne6 20. f3 h5 21. h4 g6 ({Black should play} 21... a5 $14) 22. Nf1 $1 a5 23. Ne3 axb4 24. axb4 Ra4 25. Qb3 Rda8 26. Nd5 Qd8 27. Nxf6+ ({White should try} 27. Qd1 $14) 27... Qxf6 $15 28. Red1 Nd4 29. Rxd4 exd4 30. Rd1 {[#]} (30. Qd1 $17 {might work better.}) 30... d5 $1 $19 31. Bxd4 (31. cxd5 $142 Qd6 {[%mdl 64] Double Attack} 32. Kg2 Rxb4 33. Qc2) 31... Qd6 $1 {[%csl LRb4,LRg3][%mdl 64] Double Attack} 32. e5 Qe6 {Threatens to win with ...Ra3.} ({Don't do} 32... Qxb4 33. Qe3 $19) (32... Rxb4 33. Qc3 $17) 33. Bb2 $2 (33. Qe3 {was the only defense.}) 33... Qh3 34. e6 Qxg3+ 35. Kf1 fxe6 36. Qe3 Qh3+ {[#]} 37. Kg1 $1 {[%mdl 512] Threatening mate with Qe5.} Qg3+ 38. Kf1 $1 e5 39. Bxe5 (39. Qxe5 $142 Qxe5 40. Bxe5) 39... Re8 ({Resist} 39... Qxh4 {[#]} 40. Qh6 $1 $17 {[%mdl 512]}) 40. Bxg3 $2 (40. Re1 $17 {was the only chance.} Qh3+ 41. Ke2) 40... Rxe3 {Black is clearly winning.} 41. cxd5 Rxf3+ 42. Kg2 Rb3 43. Be5 Raxb4 {Accuracy: White = 52%, Black = 75%.} 0-1

[Event "5th Ordu Open 2019"]
[Site "Ordu"]
[Date "2019.04.30"]
[Round "3.4"]
[White "Haznedaroglu, Kivanc"]
[Black "Eren, Ataberk"]
[Result "1/2-1/2"]
[WhiteElo "2472"]
[BlackElo "2256"]
[Annotator "TA"]
[PlyCount "75"]
[EventDate "2019.04.29"]
[EventType "swiss"]
[EventCountry "TUR"]
[SourceTitle "playchess.com"]
[Source "ChessBase"]
[SourceQuality "1"]

{[%evp 16,75,22,17,27,14,22,-14,-12,-16,13,-10,-19,-29,61,39,70,32,38,-16,0,-9,0,0,0,0,0,-5,0,-22,0,-26,0,-17,0,-31,-23,-31,-30,-25,-35,-35,-18,-20,-17,-34,-35,-43,-47,-47,-50,-38,-32,-89,-89,-71,0,-42,0,-87,0,-35]} 1. e4 e5 2. Nf3 Nf6 3. Nxe5 d6 4. Nf3 Nxe4 5. Nc3 Nxc3 6. dxc3 Be7 7. Bf4 Nc6 8. Qd2 Be6 9. O-O-O Qd7 {C42: Petroff Defence: 3 Nxe5 and unusual White 3rd moves} ({But not} 9... Bxa2 $2 10. b3 $16) 10. h4 h6 ({Wrong is} 10... Bxa2 $2 11. b3 $18) 11. Bb5 a6 12. Ba4 Bf6 (12... b5 $5 13. Bb3 $8 O-O $11) 13. Nd4 Bxd4 14. cxd4 {[#] Threatens to win with d5.} d5 {[#]} (14... b5 $11) 15. g4 $146 ({Predecessor:} 15. c4 O-O-O 16. c5 Bf5 17. f3 {½-½ (53) Li,C (2643)-Zhou,W (2563) Beijing 2009}) 15... O-O-O 16. f3 (16. Bxc6 $5 Qxc6 17. Rh3 $14) 16... h5 17. gxh5 ({White should play} 17. Bxc6 $14 Qxc6 18. gxh5) 17... Rxh5 18. Rdg1 g6 19. c3 Bf5 20. Bg5 Re8 21. Re1 Rhh8 22. b4 Kb8 (22... b5 {seems wilder.} 23. Rxe8+ Rxe8 24. Bd1 f6 25. Bxf6 Nxb4 26. cxb4 Qc6+) 23. Bb3 (23. Kb2 {feels hotter.} b5 24. Bb3 a5 25. a4 axb4 26. Rxe8+ Rxe8 27. cxb4 Qd6 28. Bf4) 23... Re6 (23... Na7 {with more complications.} 24. Re5 Be6 25. Kb2 Qc6 26. Rhe1 Nc8) 24. Rxe6 (24. a4 {keeps more tension.} Rhe8 25. Bf4 Ne7 26. Rxe6 fxe6 27. h5) 24... Bxe6 25. Re1 Na7 26. Bf6 Re8 27. Re5 Nb5 28. Ba4 Qc6 29. Kb2 Rc8 30. Re3 Qb6 31. Be5 Nd6 32. Bxd6 Qxd6 33. Re5 Rh8 34. Qe1 {[#]} ({Better is} 34. Qh2 $15) 34... Qd8 $1 $17 35. Rg5 Qd6 36. Re5 Qd8 37. Rg5 Qd6 (37... Qf6 $17 38. Qg3 Bf5) 38. Re5 {Accuracy: White = 40%, Black = 51%.} 1/2-1/2

[Event "5th Ordu Open 2019"]
[Site "Ordu"]
[Date "2019.04.30"]
[Round "3.5"]
[White "Akhvlediani, Irakli"]
[Black "Sibashvili, Giorgi"]
[Result "1/2-1/2"]
[WhiteElo "2261"]
[BlackElo "2398"]
[Annotator "NA"]
[PlyCount "54"]
[EventDate "2019.04.29"]
[EventType "swiss"]
[EventCountry "TUR"]
[SourceTitle "playchess.com"]
[Source "ChessBase"]
[SourceQuality "1"]
[TimeControl "5400+30"]

1. d4 {[%emt 0:00:30]} Nf6 {[%emt 0:00:30]} 2. c4 {[%emt 0:00:30]} e6 {[%emt 0:00:30]} 3. Nf3 {[%emt 0:00:00]} d5 {[%emt 0:00:00]} 4. g3 {[%emt 0:00:00]} Be7 {[%emt 0:00:00]} 5. Bg2 {[%emt 0:00:30]} O-O {[%emt 0:00:30]} 6. O-O {[%emt 0:00:00]} dxc4 {[%emt 0:00:30]} 7. Qc2 {[%emt 0:00:00]} a6 {[%emt 0:00:30]} 8. a4 {[%emt 0:00:00]} Bd7 {[%emt 0:00:00]} 9. Qxc4 {[%emt 0:00:00]} Bc6 {[%emt 0:00:00]} 10. Bf4 {[%emt 0:00:00]} Bd6 {[%emt 0:02:30]} 11. Bg5 {[%emt 0:01:00]} Nbd7 {[%emt 0:12:30]} 12. Nc3 {[%emt 0:02:30]} h6 {[%emt 0:02:30]} 13. Bxf6 $11 {[%emt 0:00:30]} Nxf6 {[%emt 0:00:30]} 14. Rfe1 {[%emt 0:01:30]} Ne4 {[%emt 0:02:30]} 15. Qd3 {[%emt 0:01:30]} Nxc3 {[%emt 0:03:30]} 16. bxc3 {[%emt 0:00:00]} b5 {[%emt 0:08:30]} 17. Ng5 {[%emt 0:07:00]} Qxg5 {[%emt 0:01:30]} 18. Bxc6 {[%emt 0:00:30]} Rab8 {[%emt 0:02:30]} 19. axb5 {[%emt 0:00:30]} axb5 {[%emt 0:00:30]} 20. Ra5 {[%emt 0:00:00]} e5 {[%emt 0:02:30]} 21. e3 {[%emt 0:20:00]} Rb6 {[%emt 0:06:30]} 22. Bg2 {[%emt 0:08:30]} exd4 {[%emt 0:06:30]} 23. exd4 {[%emt 0:02:30]} Rfb8 {[%emt 0:01:30]} 24. Rb1 {[%emt 0:07:30]} Qe7 {[%emt 0:03:30]} 25. Raxb5 {[%emt 0:09:30]} Rxb5 {[%emt 0:00:30]} 26. Rxb5 {[%emt 0:00:30]} Rxb5 {[%emt 0:00:30]} 27. Qxb5 {[%emt 0:00:00]} Qe1+ {[%emt 0:00:00]} 1/2-1/2

[Event "5th Ordu Open 2019"]
[Site "Ordu"]
[Date "2019.04.30"]
[Round "3.6"]
[White "Mgeladze, Tamaz"]
[Black "Olcum, Ahmet"]
[Result "1-0"]
[WhiteElo "2396"]
[BlackElo "2281"]
[Annotator "NA"]
[PlyCount "123"]
[EventDate "2019.04.29"]
[EventType "swiss"]
[EventCountry "TUR"]
[SourceTitle "playchess.com"]
[Source "ChessBase"]
[SourceQuality "1"]
[TimeControl "5400+30"]

1. Nf3 {[%emt 0:00:30]} g6 {[%emt 0:04:30]} 2. g3 {[%emt 0:01:30]} Bg7 {[%emt 0:00:30]} 3. c4 {[%emt 0:00:30]} d6 {[%emt 0:00:30]} 4. Bg2 {[%emt 0:00:30]} e5 {[%emt 0:00:30]} 5. Nc3 {[%emt 0:00:00]} Nc6 {[%emt 0:01:30]} 6. O-O {[%emt 0:00:00]} f5 {[%emt 0:00:30]} 7. d3 {[%emt 0:00:30]} Nf6 {[%emt 0:00:30]} 8. Rb1 {[%emt 0:00:00]} O-O {[%emt 0:00:00]} 9. b4 {[%emt 0:00:00]} h6 {[%emt 0:00:00]} 10. b5 {[%emt 0:00:30]} Ne7 {[%emt 0:00:30]} 11. a4 {[%emt 0:00:00]} g5 {[%emt 0:00:30]} 12. Ba3 {[%emt 0:00:00]} Ng6 {[%emt 0:02:30]} 13. Nd2 {[%emt 0:05:30]} Rb8 {[%emt 0:31:30]} 14. c5 {[%emt 0:03:30]} Be6 {[%emt 0:13:30]} 15. cxd6 {[%emt 0:03:30]} cxd6 {[%emt 0:00:00]} 16. Nc4 {[%emt 0:00:30]} d5 $16 {[%emt 0:01:00]} 17. Bxf8 {[%emt 0:08:30]} Bxf8 {[%emt 0:01:30]} 18. b6 {[%emt 0:00:30]} a6 {[%emt 0:06:30]} 19. Na5 {[%emt 0:02:30]} d4 {[%emt 0:07:30]} 20. Bxb7 {[%emt 0:01:30]} Ne7 {[%emt 0:12:40]} 21. Qc2 {[%emt 0:04:30]} dxc3 {[%emt 0:02:12]} 22. Qxc3 {[%emt 0:00:30]} Bd5 {[%emt 0:06:09]} 23. Qxe5 {[%emt 0:02:30]} Bxb7 {[%emt 0:00:37]} 24. Nxb7 {[%emt 0:00:30]} Rxb7 {[%emt 0:00:30]} 25. Qxf6 {[%emt 0:00:00]} Qd7 {[%emt 0:02:43]} 26. Qa1 {[%emt 0:00:00]} Qe6 {[%emt 0:00:41]} 27. Qb2 {[%emt 0:00:30]} Nd5 {[%emt 0:01:29]} 28. a5 {[%emt 0:00:30]} f4 {[%emt 0:00:53]} 29. Qa2 {[%emt 0:03:30]} Kf7 {[%emt 0:02:20]} 30. Rfc1 {[%emt 0:00:30]} fxg3 {[%emt 0:00:37]} 31. hxg3 {[%emt 0:00:30]} Bg7 {[%emt 0:00:09]} 32. Qc4 {[%emt 0:00:30]} Be5 {[%emt 0:00:52]} 33. e4 {[%emt 0:04:30]} Ne7 {[%emt 0:00:50]} 34. d4 {[%emt 0:00:30]} Qxc4 {[%emt 0:00:30]} 35. Rxc4 {[%emt 0:00:30]} Bb8 {[%emt 0:00:00]} 36. Kg2 {[%emt 0:00:30]} h5 {[%emt 0:00:29]} 37. Kf3 {[%emt 0:02:30]} Kg6 {[%emt 0:00:45]} 38. Rh1 {[%emt 0:00:30]} Rd7 {[%emt 0:00:41]} 39. Ke3 {[%emt 0:00:30]} Rd6 {[%emt 0:00:13]} 40. e5 {[%emt 0:03:30]} Rd5 {[%emt 0:00:29]} 41. Ra1 {[%emt 0:01:30]} Kf5 {[%emt 0:00:36]} 42. f3 {[%emt 0:04:30]} h4 {[%emt 0:00:14]} 43. g4+ {[%emt 0:01:30]} Ke6 {[%emt 0:00:30]} 44. f4 {[%emt 0:00:30]} gxf4+ {[%emt 0:00:23]} 45. Kxf4 {[%emt 0:00:30]} h3 {[%emt 0:00:55]} 46. Ke4 {[%emt 0:01:30]} Rb5 {[%emt 0:00:26]} 47. Rc3 {[%emt 0:00:30]} h2 {[%emt 0:00:30]} 48. Rh3 {[%emt 0:00:30]} Rb2 {[%emt 0:00:26]} 49. Rh6+ {[%emt 0:01:30]} Kd7 {[%emt 0:00:20]} 50. Rh1 {[%emt 0:01:30]} Re2+ {[%emt 0:00:27]} 51. Kd3 {[%emt 0:00:30]} Rg2 {[%emt 0:00:07]} 52. R1xh2 {[%emt 0:01:30]} Rg3+ {[%emt 0:00:14]} 53. Kc4 {[%emt 0:02:30]} Rxg4 {[%emt 0:00:30]} 54. R2h4 {[%emt 0:00:30]} Rg1 {[%emt 0:00:00]} 55. Rh8 {[%emt 0:00:00]} Rc1+ {[%emt 0:00:24]} 56. Kd3 {[%emt 0:00:00]} Nc6 {[%emt 0:01:20]} 57. R4h7+ {[%emt 0:00:30]} Ke6 {[%emt 0:00:00]} 58. Re8+ {[%emt 0:02:30]} Kf5 {[%emt 0:00:18]} 59. Rf7+ {[%emt 0:00:30]} Kg5 {[%emt 0:00:37]} 60. Rg8+ {[%emt 0:00:30]} Kh6 {[%emt 0:00:30]} 61. Rf6+ {[%emt 0:00:30]} Kh7 {[%emt 0:00:30]} 62. Rxc6 {[%emt 0:00:00]} 1-0

[Event "5th Ordu Open 2019"]
[Site "Ordu"]
[Date "2019.04.30"]
[Round "3.7"]
[White "Yuksel, Atilla Koksal"]
[Black "Odeev, Handszar"]
[Result "0-1"]
[WhiteElo "2248"]
[BlackElo "2394"]
[Annotator "NA"]
[PlyCount "90"]
[EventDate "2019.04.29"]
[EventType "swiss"]
[EventCountry "TUR"]
[SourceTitle "playchess.com"]
[Source "ChessBase"]
[SourceQuality "1"]
[TimeControl "5400+30"]

1. e4 {[%emt 0:01:30]} c5 {[%emt 0:16:30]} 2. Nc3 {[%emt 0:00:30]} Nc6 {[%emt 0:04:30]} 3. f4 {[%emt 0:00:30]} e6 {[%emt 0:02:30]} 4. Bc4 {[%emt 0:00:30]} Na5 {[%emt 0:09:30]} 5. d3 {[%emt 0:05:30]} Ne7 {[%emt 0:06:30]} 6. Nf3 {[%emt 0:06:30]} a6 {[%emt 0:00:30]} 7. a4 {[%emt 0:00:30]} Nxc4 {[%emt 0:00:30]} 8. dxc4 {[%emt 0:00:30]} Nc6 {[%emt 0:00:30]} 9. Be3 {[%emt 0:02:30]} d6 {[%emt 0:06:30]} 10. O-O {[%emt 0:01:30]} Be7 {[%emt 0:00:30]} 11. Qe2 {[%emt 0:04:30]} O-O {[%emt 0:01:30]} 12. Rad1 {[%emt 0:00:30]} Qc7 {[%emt 0:00:30]} 13. f5 {[%emt 0:01:30]} Bf6 {[%emt 0:02:30]} 14. e5 $11 {[%emt 0:02:30]} dxe5 {[%emt 0:21:30]} 15. Ne4 {[%emt 0:07:30]} exf5 {[%emt 0:02:30]} 16. Nxf6+ {[%emt 0:00:30]} gxf6 {[%emt 0:00:30]} 17. Bh6 {[%emt 0:00:30]} Rd8 {[%emt 0:00:00]} 18. Qf2 {[%emt 0:12:30]} f4 {[%emt 0:01:00]} 19. g3 {[%emt 0:06:30]} Rxd1 {[%emt 0:10:44]} 20. Rxd1 {[%emt 0:00:30]} Bf5 {[%emt 0:00:48]} 21. gxf4 {[%emt 0:01:30]} Kh8 {[%emt 0:00:33]} 22. Kh1 {[%emt 0:02:30]} Rg8 {[%emt 0:02:12]} 23. Rg1 {[%emt 0:02:30]} Rg6 {[%emt 0:05:56]} 24. Qxc5 {[%emt 0:02:30]} Qe7 {[%emt 0:01:10]} 25. Qxe7 {[%emt 0:00:30]} Nxe7 {[%emt 0:00:30]} 26. Rxg6 {[%emt 0:00:30]} Nxg6 {[%emt 0:00:30]} 27. Ne1 {[%emt 0:01:30]} Be4+ {[%emt 0:02:21]} 28. Kg1 {[%emt 0:00:00]} exf4 {[%emt 0:00:36]} 29. c5 {[%emt 0:04:00]} f5 {[%emt 0:00:29]} 30. Bg5 {[%emt 0:03:30]} Kg7 {[%emt 0:00:30]} 31. Bd8 {[%emt 0:00:30]} Ne5 {[%emt 0:00:13]} 32. h3 {[%emt 0:01:30]} f6 {[%emt 0:00:40]} 33. b4 {[%emt 0:02:30]} Bc6 {[%emt 0:00:44]} 34. Nd3 {[%emt 0:00:30]} Bxa4 {[%emt 0:00:26]} 35. Nxf4 {[%emt 0:00:30]} Bxc2 {[%emt 0:00:11]} 36. Nd5 {[%emt 0:00:30]} Nd7 {[%emt 0:00:35]} 37. Nb6 {[%emt 0:00:30]} Ne5 {[%emt 0:00:53]} 38. Nd5 {[%emt 0:00:30]} Kf7 {[%emt 0:00:18]} 39. Bc7 {[%emt 0:01:30]} Nc6 {[%emt 0:00:19]} 40. Ne3 {[%emt 0:02:30]} Be4 {[%emt 0:00:04]} 41. Nc4 {[%emt 0:00:30]} Nxb4 {[%emt 0:00:04]} 42. Ba5 {[%emt 0:00:30]} Nd3 {[%emt 0:00:30]} 43. Bb6 {[%emt 0:00:30]} Ke6 {[%emt 0:00:00]} 44. Kf1 {[%emt 0:00:00]} Kd5 {[%emt 0:01:05]} 45. Ne3+ {[%emt 0:00:00]} Kc6 {[%emt 0:00:00]} 0-1